000 00812nam a22002177a 4500
003 OSt
005 20260212155842.0
008 160219b xxu||||| |||| 00| 0 eng d
020 _a05-706-2005-1
024 _205-706-2005-1
040 _cLahore University of Management Sciences
082 _aLahore University of Management Sciences
100 _a Mehreen Chandan
_9133187
245 _aAURAT FOUNDATION (A): STRUCTURAL REORGANIZATION 1995-2003
_cBy Mehreen Chandan
260 _aLahore
_bLahore University of Management Sciences
_c2005
300 _a17 p.
_bPapers
440 _aAURAT FOUNDATION (A): STRUCTURAL REORGANIZATION 1995-2003
_9133188
590 _6http://10.250.8.41:8080/xmlui/handle/123456789/56757
856 _uhttp://10.250.8.41:8080/xmlui/handle/123456789/56757
942 _2ddc
_cCS
999 _c351177
_d351177